Musikinstrumente mit "C" (schwer) - Statistiken

Allgemein
  • Dieses Quiz wurde 30 mal gespielt
  • Das Durchschnittsergebnis liegt bei 4 aus 113
Antwortstatistiken
Art Herkunft Instrument % Korrekt
Violoncello Frankreich 🇫🇷 Cello
90%
Tasteninstr. - Cembalo
52%
Orgelharmonika Deutschland 🇩🇪 Cölestine
31%
Handklapper - Castagnette
28%
Barocktrompete - Clarin
24%
Schalmei Pyrenäen Clarin (Schalmei)
24%
Idiophon Deutschland 🇩🇪 Clavicylinder
14%
Stahlplatten-klavier - Clavi-lame
14%
Tasteninstr. - Clavimusicum omnitonum
14%
Holzblasinstr. Frankreich 🇫🇷 Chalumeau
10%
Zither - Cither
10%
Turmglockenspiel - Carillon
7%
Glockenspiel - Chimes
7%
Konzertina - Chroma-Concertina
7%
Blechblasinstr. Frankreich 🇫🇷 Cornet
7%
Langhalslaute Türkei 🇹🇷 Cümbüs
7%
Gefäßrassel Südamerika Cabasa
3%
Gitarre Portugal 🇵🇹 Cavaquinho
3%
Klangplatte Irland 🇮🇪 Celesta
3%
Bandoneon - Chromatiphon
3%
dreieck. Harfe Westeuropa Cithara anglica
3%
Klanghölzer Lateinamerika Claves
3%
Langhalslaute Italien 🇮🇹 Colascione
3%
Handtrommel Afrika 🌍 Conga
3%
Streichinstr. Italien 🇮🇹 Contraviolino
3%
Zink - Cornetto Curvo
3%
Waldhorn - Corno
3%
Blechblasinstr. Italien 🇮🇹 Corno da caccia
3%
Kuhglocke - Cowbell
3%
Becken - Cymbalum
3%
Becken - Cymbel
3%
Dudelsack Frankreich 🇫🇷 Cabrette
0%
Reibtrommel Italien 🇮🇹 Caccavella
0%
Rahmentrommel Brasilien 🇧🇷 Caixa
0%
Handtrommel Karibik Caja
0%
Kastentrommel Südamerika Cajón
0%
Langhalslaute Italien 🇮🇹 Calichon
0%
Xylophon Indonesien 🇮🇩 Calung
0%
Röhrenglocke - Campane tubolari
0%
Trapezzither Orient Canun
0%
Naturtrompete Kelten Carnyx
0%
Laute Persien Cartar
0%
Gefäßrassel Brasilien 🇧🇷 Caxixi
0%
Zither Indonesien 🇮🇩 Celempung
0%
Winkelharfe Türkei 🇹🇷 Ceng
0%
Blasinstr. - Chalil
0%
Xylophon Indonesien 🇮🇩 Chalung
0%
Zylindertrommel Indien 🇮🇳 Chande
0%
Winkelharfe Türkei 🇹🇷 Chang
0%
Winkelharfe Georgien 🇬🇪 Changi
0%
Violine Frankreich 🇫🇷 Chanot-Violine
0%
Holzblasinstr. - Chanter
0%
Laute Russland 🇷🇺 Chanzy
0%
Langhalslaute Kambodscha 🇰🇭 Chapey dang veng
0%
elektr. Saiteninstr. - Chapman Stick
0%
Gitarre Südamerika Charango
0%
Blechblasinstr. Israel 🇮🇱 Chazozra
0%
Lyra - Chelys
0%
Zylindertrommel Indien 🇮🇳 Chenda
0%
Mundorgel China 🇨🇳 Cheng
0%
Langhalslaute Georgien 🇬🇪 Chianuri
0%
Bambusröhren-zither Indien 🇮🇳 Chigring
0%
Idiophon - Chimta
0%
Griffbrettzither China 🇨🇳 Ch’in
0%
Handzimbel Kambodscha 🇰🇭 Ching
0%
Musikbogen Südafrika 🇿🇦 Chipendani
0%
Wölbgitarre Italien 🇮🇹 Chitarra battente
0%
Arpeggione - Chitarra con arco
0%
Laute - Chitarrone
0%
Langhalslaute Indien 🇮🇳 Chitravina
0%
Bambusquerflöte Kenia 🇰🇪 Chivoti
0%
Gefäßrasseln Brasilien 🇧🇷 Chocalho
0%
Gefäßrasseln Brasilien 🇧🇷 Chocolo
0%
Langhalslaute Georgien 🇬🇪 Chonguri
0%
Streichinstr. England 🏴󠁧󠁢󠁥󠁮󠁧󠁿 Chrotta
0%
Langhalslaute Georgien 🇬🇪 Chuniri
0%
Rohrpfeife Türkei 🇹🇷 Cifte
0%
Langhalslaute Albanien 🇦🇱 Ciftelia
0%
Lamellophon Malawi 🇲🇼 Cilimba
0%
Hackbrett Irak 🇮🇶 Cimbalom
0%
Ventilposaune - Cimbasso
0%
Langhalslaute Europa 🇪🇺 Cister
0%
Zither Ungarn 🇭🇺 Citera
0%
Schalenhalslaute - Citole
0%
Harfe Irland 🇮🇪 Clairseach
0%
Schlagholz - Clapstick
0%
Chalumeau - Clarineau
0%
Harfe Schottland 🏴󠁧󠁢󠁳󠁣󠁴󠁿 Clarsach
0%
Tasteninstr. - Clavecin
0%
elektr. Cembalo Frankreich 🇫🇷 Clavecin electrique
0%
Tasteninstr. Italien 🇮🇹 Clavichord
0%
elektr. - mech.Tasteninstr. Deutschland 🇩🇪 Clavinet
0%
E-Piano Frankreich 🇫🇷 Clavioline
0%
Knickhalslaute Rumänien 🇷🇴 Cobza
0%
Tasteninstr. - Codophone
0%
elektr. Orgel - Combichord
0%
Handzuginstr. - Concertina
0%
Saxophon /Oboe - Conn-O-Sax
0%
Bratsche Frankreich 🇫🇷 Contralto
0%
Holzblasinstr. Europa 🇪🇺 Cornamuse
0%
Kavallerie-Waldhorn Tschechien 🇨🇿 Cornon
0%
Waldhorn England 🏴󠁧󠁢󠁥󠁮󠁧󠁿 Cornopean
0%
Bügelhorn Frankreich 🇫🇷 Cornophone
0%
Blechblasinstr. Italien 🇮🇹 Cornu
0%
Becken - Crashbecken
0%
Maultrommel - Crembalum
0%
Klappern Griechenland 🇬🇷 Crotales
0%
Streichinstr. England 🏴󠁧󠁢󠁥󠁮󠁧󠁿 Crwth
0%
Stockflöte Österreich 🇦🇹 Csakan
0%
Gitarre Südamerika Cuatro
0%
Reibtrommel Brasilien 🇧🇷 Cuica
0%
Reibtrommel Italien 🇮🇹 Cupa cupa
0%
Langhalslaute Türkei 🇹🇷 Cura
0%
Keine übereinstimmenden Quizze gefunden
Verteilung der Resultate
Anzahl Personen mit jedem Resultat
Perzentil nach korrekt beantworteten Fragen
Ihre Resultats-Entwicklung
Sie haben dieses Quiz noch nicht gespielt